MARC details
| 000 -LEADER |
| fixed length control field |
05320cam a2200577 4500 |
| 001 - CONTROL NUMBER |
| control field |
L159543 |
| 008 - FIXED-LENGTH DATA ELEMENTS--GENERAL INFORMATION |
| fixed length control field |
050720n2017 000 0 eng u |
| 020 ## - INTERNATIONAL STANDARD BOOK NUMBER |
| International Standard Book Number |
9780727763037 |
| 035 ## - SYSTEM CONTROL NUMBER |
| System control number |
(Sirsi) u159543 |
| 041 0# - LANGUAGE CODE |
| Language code of text/sound track or separate title |
eng |
| 050 04 - LIBRARY OF CONGRESS CALL NUMBER |
| Classification number |
624.08 $2 18 |
| 110 2# - MAIN ENTRY--CORPORATE NAME |
| Corporate name or jurisdiction name as entry element |
Institution of Civil Engineers |
| 9 (RLIN) |
1402 |
| 240 00 - UNIFORM TITLE |
| Uniform title |
New engineering contract |
| 245 ## - TITLE STATEMENT |
| Title |
NEC4 |
| Remainder of title |
complete family of contracts |
| -- |
June 2017 |
| 250 ## - EDITION STATEMENT |
| Edition statement |
4th ed. |
| 260 ## - PUBLICATION, DISTRIBUTION, ETC. |
| Place of publication, distribution, etc. |
London |
| Name of publisher, distributor, etc. |
Thomas Telford |
| Date of publication, distribution, etc. |
2017 |
| 300 ## - PHYSICAL DESCRIPTION |
| Extent |
2 |
| Type of unit |
boxed sets |
| Dimensions |
30cm. |
| 350 ## - PRICE (NR) (BK AM CF MU VM SE) [OBSOLETE] |
| Price |
720 |
| 490 ## - SERIES STATEMENT |
| Series statement |
New Engineering Contract (Fourth Edition) |
| 505 0# - FORMATTED CONTENTS NOTE |
| Formatted contents note |
Box one: the contracts - NEC4: Engineering and Construction Contract -- NEC4: Engineering and Construction Contract Option A: priced contract with activity schedule -- NEC4: Engineering and Construction Contract Option B: priced contract with bill of quantities -- NEC4: Engineering and Construction Contract Option C: target contract with activity schedule -- NEC4: Engineering and Construction Contract Option D: target contract with bill of quantities -- NEC4: Engineering and Construction Contract Option E: cost reimbursable contract -- NEC4: Engineering and Construction Contract Option F: management contract -- NEC4: Engineering and Construction Subcontract -- NEC4: Engineering and Construction Short Contract -- NEC4: Engineering and Construction Short Subcontract -- NEC4: Professional Service Contract -- NEC4: Professional Service Subcontract -- NEC4: Professional Service Short Contract -- NEC4: Term Service Contract -- NEC4: Term Service Subcontract -- NEC4: Term Service Short Contract -- NEC4: Design Build and Operate Contract -- NEC4: Supply Contract -- NEC4: Supply Short Contract -- NEC4: Dispute Resolution Service Contract -- NEC4: Framework Contract |
| 505 2# - FORMATTED CONTENTS NOTE |
| Formatted contents note |
Box two: user guides - NEC4: Establishing a Procurement and Contract Strategy -- NEC4: Preparing an Engineering and Construction Contract -- NEC4: Preparing an Engineering and Construction Short Contract -- NEC4: Preparing a Professional Service Contract -- NEC4: Preparing a Professional Service Short Contract -- NEC4: Preparing a Term Service Contract -- NEC4: Preparing a Term Service Short Contract -- NEC4: Preparing a Design Build and Operate Contract -- NEC4: Preparing a Supply Contract -- NEC4: Preparing a Supply Short Contract -- NEC4: Selecting a Supplier -- NEC4: Managing an Engineering and Construction Contract -- NEC4: Managing an Engineering and Construction Short Contract -- NEC4: Managing a Professional Service Contract -- NEC4: Managing a Professional Service Short Contract -- NEC4: Managing a Term Service Contract -- NEC4: Managing a Term Service Short Contract -- NEC4: Managing a Design Build and Operate Contract -- NEC4: Managing a Supply Contract -- NEC4: Managing a Supply Short Contract -- NEC4: Preparing and Managing a Dispute Resolution Service Contract -- NEC4: Preparing and Managing a Framework Contract. |
| 520 ## - SUMMARY, ETC. |
| Summary, etc. |
NEC4 Suite of Contracts now contains updates to all of the contracts and an added NEC3 Design Build Operate Contract (DBO) reflecting the demand for contracts to extend into the operational phase. NEC4 uses clear and professional language to promote fair dealing, greater certainty and to help prevent litigation, even on the most complex and high-risk projects. The contracts were developed to enable best practice, support flexibility and streamline processes, to deliver real value. |
| 520 ## - SUMMARY, ETC. |
| Summary, etc. |
Supersedes third edition (ISBN 0727733826). |
| 650 24 - SUBJECT ADDED ENTRY--TOPICAL TERM |
| Topical term or geographic name entry element |
NEW ENGINEERING CONTRACT (FOURTH EDITION) |
| 650 24 - SUBJECT ADDED ENTRY--TOPICAL TERM |
| Topical term or geographic name entry element |
NEC ENGINEERING AND CONSTRUCTION CONTRACT (FOURTH EDITION) |
| 650 24 - SUBJECT ADDED ENTRY--TOPICAL TERM |
| Topical term or geographic name entry element |
NEC ENGINEERING AND CONSTRUCTION CONTRACT: OPTION A (FOURTH EDITION) |
| 650 24 - SUBJECT ADDED ENTRY--TOPICAL TERM |
| Topical term or geographic name entry element |
NEC ENGINEERING AND CONSTRUCTION CONTRACT: OPTION B (FOURTH EDITION) |
| 650 24 - SUBJECT ADDED ENTRY--TOPICAL TERM |
| Topical term or geographic name entry element |
NEC ENGINEERING AND CONSTRUCTION CONTRACT: OPTION C (FOURTH EDITION) |
| 650 24 - SUBJECT ADDED ENTRY--TOPICAL TERM |
| Topical term or geographic name entry element |
NEC ENGINEERING AND CONSTRUCTION CONTRACT: OPTION D (FOURTH EDITION) |
| 650 24 - SUBJECT ADDED ENTRY--TOPICAL TERM |
| Topical term or geographic name entry element |
NEC ENGINEERING AND CONSTRUCTION CONTRACT: OPTION E (FOURTH EDITION) |
| 650 24 - SUBJECT ADDED ENTRY--TOPICAL TERM |
| Topical term or geographic name entry element |
NEC ENGINEERING AND CONSTRUCTION CONTRACT: OPTION F (FOURTH EDITION) |
| 650 24 - SUBJECT ADDED ENTRY--TOPICAL TERM |
| Topical term or geographic name entry element |
NEC ENGINEERING AND CONSTRUCTION SHORT CONTRACT (THIRD EDITION) |
| 650 24 - SUBJECT ADDED ENTRY--TOPICAL TERM |
| Topical term or geographic name entry element |
NEC ENGINEERING AND CONSTRUCTION SUBCONTRACT (FOURTH EDITION) |
| 650 24 - SUBJECT ADDED ENTRY--TOPICAL TERM |
| Topical term or geographic name entry element |
NEC ENGINEERING AND CONSTRUCTION SHORT SUBCONTRACT (THIRD EDITION) |
| 650 24 - SUBJECT ADDED ENTRY--TOPICAL TERM |
| Topical term or geographic name entry element |
NEC PROFESSIONAL SERVICE CONTRACT (FOURTH EDITION) |
| 650 24 - SUBJECT ADDED ENTRY--TOPICAL TERM |
| Topical term or geographic name entry element |
NEC PROFESSIONAL SERVICE SHORT CONTRACT (SECOND EDITION) |
| 650 24 - SUBJECT ADDED ENTRY--TOPICAL TERM |
| Topical term or geographic name entry element |
NEC PROFESSIONAL SERVICE SUBCONTRACT (FIRST EDITION) |
| 650 24 - SUBJECT ADDED ENTRY--TOPICAL TERM |
| Topical term or geographic name entry element |
NEC TERM SERVICE CONTRACT (SECOND EDITION) |
| 650 24 - SUBJECT ADDED ENTRY--TOPICAL TERM |
| Topical term or geographic name entry element |
NEC TERM SERVICE SHORT CONTRACT (SECOND EDITION) |
| 650 24 - SUBJECT ADDED ENTRY--TOPICAL TERM |
| Topical term or geographic name entry element |
NEC TERM SERVICE SUBCONTRACT (FIRST EDITION) |
| 650 24 - SUBJECT ADDED ENTRY--TOPICAL TERM |
| Topical term or geographic name entry element |
NEC DESIGN BUILD AND OPERATE CONTRACT (FIRST EDITION) |
| 650 24 - SUBJECT ADDED ENTRY--TOPICAL TERM |
| Topical term or geographic name entry element |
NEC SUPPLY CONTRACT (SECOND EDITION) |
| 650 24 - SUBJECT ADDED ENTRY--TOPICAL TERM |
| Topical term or geographic name entry element |
NEC SUPPLY SHORT CONTRACT (SECOND EDITION) |
| 650 24 - SUBJECT ADDED ENTRY--TOPICAL TERM |
| Topical term or geographic name entry element |
NEC DISPUTE RESOLUTION SERVICE CONTRACT (FIRST EDITION) |
| 650 24 - SUBJECT ADDED ENTRY--TOPICAL TERM |
| Topical term or geographic name entry element |
NEC FRAMEWORK CONTRACT (SECOND EDITION) |
| 651 #4 - SUBJECT ADDED ENTRY--GEOGRAPHIC NAME |
| Geographic name |
ENGLAND AND WALES |
| 690 ## - LOCAL SUBJECT ADDED ENTRY--TOPICAL TERM (OCLC, RLIN) |
| Topical term or geographic name as entry element |
BUILT ENVIRONMENT-BUILDING CONTRACT FORMS-STANDARD FORMS OF BUILDING CONTRACT-NEW ENGINEERING CONTRACT CONTRACTS |
| 690 ## - LOCAL SUBJECT ADDED ENTRY--TOPICAL TERM (OCLC, RLIN) |
| Topical term or geographic name as entry element |
Contracts |
| 9 (RLIN) |
6232 |
| 942 ## - ADDED ENTRY ELEMENTS (KOHA) |
| Suppress in OPAC |
0 |